000 00535nam a22001937a 4500
003 OSt
005 20231211075709.0
008 220321b ||||| |||| 00| 0 eng d
020 _a0471283665
040 _cDDC
082 _a519.77 WOL 1998
100 _aWolsey, Laurence A.
_915953
245 _aInteger programming.
260 _aNew York :
_b Wiley;
_cc1998
300 _axviii, 264 p. :
_bill. ;
_c25 cm
504 _aIncludes bibliographical references and index.
650 _aInteger programming.
_915954
942 _2ddc
_cBOOK
999 _c7843
_d7843